[Event "Rhoen/Bad Bocklet Seniors op-B 5th"]
[Site "Bad Bocklet"]
[Date "2004.11.24"]
[Round "7"]
[White "Voigt, Udo"]
[Black "Thielemann, Joachim"]
[Result "0-1"]
[WhiteElo "1709"]
[BlackElo "1797"]
[PlyCount "158"]
[EventDate "2004.07.09"]
[EventType "swiss"]
[EventRounds "9"]
[EventCountry "GER"]
[SourceTitle "EXT 2006"]
[Source "ChessBase"]
[SourceDate "2005.11.24"]
[SourceVersion "1"]
[SourceVersionDate "2005.11.24"]
[SourceQuality "1"]

1. d4 Nf6 2. c4 e5 3. dxe5 Ng4 4. Nf3 Nc6 5. Bf4 Bb4+ 6. Nbd2 Qe7 7. a3 Ngxe5 8. Nxe5 Nxe5 9. e3 Bxd2+ 10. Qxd2 d6 11. Qc3 0-0 12. Be2 Ng6 13. Bg3 a5 14. Bf3 Ra6 15. 0-0 a4 16. Rfd1 Rb6 17. Rd5 Bd7 18. Rad1 Bc6 19. Ra5 Rb3 20. Qd4 Bxf3 21. gxf3 Qd7 22. c5 b6 23. cxb6 Rxb6 24. Rc1 Rfb8 25. Rc2 Ne7 26. Qxa4 Qxa4 27. Rxa4 c5 28. Ra7 Nf5 29. Bf4 h6 30. Rd7 Nh4 31. Rxd6 Rxb2 32. Rxb2 Rxb2 33. Rd1 c4 34. Bg3 c3 35. Bxh4 c2 36. Rd8+ Kh7 37. Rc8 Rb1+ 38. Kg2 c1Q 39. Rxc1 Rxc1 40. Be7 Kg6 41. Bd6 Kf6 42. e4 h5 43. h3 Ke6 44. Bb4 Rc4 45. Kg3 g6 46. Bf8 Kf6 47. Bd6 Rc6 48. Bf8 Ke5 49. Bb4 f6 50. Be7 Ra6 51. Bb4 Kd4 52. Kf4 Re6 53. Bf8 Rc6 54. Be7 Re6 55. Bf8 Kd3 56. Bc5 Ke2 57. Kg3 Rc6 58. Be7 Kf1 59. a4 Ra6 60. a5 Kg1 61. Bd8 Rd6 62. Bb6 Kh1 63. Bc7 Rc6 64. Bd8 Kg1 65. Bb6 Rd6 66. Kf4 Kg2 67. h4 Re6 68. Bd8 Kh3 69. e5 Rxe5 70. a6 Re6 71. a7 Ra6 72. Bxf6 Rxf6+ 73. Kg5 Ra6 74. f4 Rxa7 75. Kxg6 Kxh4 76. f5 Ra6+ 77. f6 Kg4 78. Kg7 h4 79. f7 Ra7 0-1